Top 20 Séries Netflix - Statistiques

Statistiques générales
  • Ce quiz a été pris 1 697 fois
  • Le résultat moyen est 13 sur 20
Statistiques - réponses
Description de la série Nom de la série % Correct
Cette série sud-coréenne met en scène des participants endettés qui s'affrontent dans des jeux mortels pour remporter une somme d'argent colossale. Squid Game
87%
A présent étudiante à la singulière Nevermore Academy, un pensionnat prestigieux pour parias, Wednesday Addams tente de s'adapter auprès des autres élèves tout en enquêtant sur une série de meurtres qui terrorise la vill Mercredi
85%
Un adolescent socialement maladroit, fils d'une sexologue, décide de créer une clinique clandestine de thérapie sexuelle dans son lycée pour aider ses camarades. Sex Education
81%
Quand trois adolescents de la classe moyenne se retrouvent admis dans une prestigieuse école privée d'Espagne, les tensions entre eux et les élèves dégénèrent rapidement et se finissent en un meurtre. Elite
76%
Son frère injustement accusé de meurtre, un ingénieur en génie civil décide de le faire évader de prison. Prison Break
76%
Dans une petite ville des années 80, un groupe d'enfants enquête sur la disparition mystérieuse de leur ami, découvrant des phénomènes surnaturels. Stranger Things
76%
Une jeune cadre américaine est envoyée à Paris pour apporter une perspective américaine à une firme de marketing française, naviguant entre chocs culturels et aventures romantiques. Emily in Paris
71%
Un gentleman cambrioleur français utilise son charme et son intelligence pour venger son père d'une injustice commise par une famille riche. Lupin
71%
Alors qu'une nouvelle année scolaire débute, le jeune Archie Andrews et ses amis voient leur quotidien bouleversé par la mort mystérieuse de Jason Blossom. Riverdale
70%
Un professeur brillant orchestre le braquage du siècle en recrutant huit criminels pour infiltrer la Fabrique nationale de la monnaie en Espagne. Casa de Papel
69%
Cette série dramatique retrace la vie de la reine Élisabeth II, de son mariage en 1947 à nos jours, explorant les événements politiques et personnels qui ont façonné son règne. The Crown
66%
Cette série retrace l'ascension et la chute des barons de la drogue les plus notoires d'Amérique latine, offrant un aperçu du monde brutal des cartels. Narcos
63%
Un libraire obsessionnel développe une fixation malsaine sur les femmes qu'il rencontre, utilisant les réseaux sociaux pour les surveiller. You
63%
Un professeur de chimie atteint d’un cancer se lance dans la fabrication de crystal meth pour assurer l’avenir financier de sa famille. Breaking Bad
62%
Une mystérieuse blogueuse anonyme dévoile les secrets croustillants et les scandales d'un groupe d'adolescents privilégiés vivant dans l'Upper East Side de Manhattan. Gossip Girl
62%
Un groupe de super-héros dysfonctionnels, tous adoptés par un milliardaire, se réunit après la mort de ce dernier pour résoudre le mystère de sa disparition et prévenir une apocalypse imminente. Umbrella Academy
52%
Après l'atterrissage mystérieux d'un vol disparu depuis cinq ans, les passagers reviennent sans avoir vieilli, mais avec des visions troublantes. Manifest
44%
Dans l'Angleterre post- Première Guerre mondiale, une famille de gangsters d'origines Gypsy, étend son empire criminel tout en affrontant des défis politiques et économiques. Peaky Blinders
43%
Apprenant que le cannabis va être légalisé, Joseph, entrepreneur raté, décide de transformer, avec l'aide de sa famille et de ses amis, la boucherie casher de son père, et d'ouvrir le premier "coffeeshop" de marijuana de France. Family Business
30%
Une jeune prodige des échecs, orpheline, gravit les échelons du monde des échecs tout en luttant contre ses dépendances. Le Jeu de Dame
12%
Aucun quiz correspondant
Distribution des résultats
% des personnes avec chaque résultat
Percentile par nombre de réponses
Votre historique - résultats
Vous n’avez pas pris ce quiz